00853nam a22002657a 45000010005000000030009000050050017000140070005000310080048000360200018000840400022001020820022001241000034001462450055001802500011002352600059002463000027003056500027003326500028003599420012003879450038003999520114004379560021005519990015005720074DO-SdBNP20171120100741.00074151117b nq 2006 xxu||||| |||| 00| 0 spa d a9789992405277 aBPMSUbspacBPMSU 42 aN863.44bG124c104Gadea Mantilla, Fabio,d1931-10aCuentos de Pancho Madrigal /cFabio Gadea Mantilla a2a ed. aManagua :bCentro Nicaragüense de Escritores,c2006. a238 p. :bil.,c21 cm. aCUENTOS NICARAGUENSES aLITERATURA NICARAGUENSE 2ddccBK aInventariado extranjero / 2017 VM 00102ddc40708CGaBPMETbBPMETd2015-11-18l0oN863.44 G124cpBPMSU15110341r2015-11-18w2015-11-18yBK aBrenda Tavárez c8744d8744